000 01200nam a2200301Ia 4500
001 9877
003 IT-RoPAU
008 130308s9999 xx 000 0 und d
040 _aIT-RoPAU
040 _cIT-RoPAU
041 _aITALIANO
100 _aCorti Maria
100 _gCodice Aut. SPICS: 7780
245 _aMetodi e fantasmi
245 _bMetodi e Fantasmi
250 _a1a ed.
260 _aMILANO
260 _bFeltrinelli
260 _c1969 [1° Ed.:1969 - Ed.Ling.Originale:1969]
300 _a"382 p. (prefazione: no ; testo: 382)"
500 _aTrittico per Fenoglio romano Bilenchi Ovvero Connotazione toscana e Denotazione Italiana Esposizione sopra Dante di Eugenio Montale Nuova Vita interdisciplinare della Critica Lingua e Scrittori Oggi Dialetti Prosa Lingua nel Romanticismo Italiano Passero solitario in Arcadia Autore del Delfilo Non è Francesco colonna Codice Bucolico e L'Arcadia di Jacobo Sannazaro Rivoluzione e Creazione stilistica nel Sannazaro Composizione del Partigiano Johnny Alla Luce del fondo Fenoglio
650 _aSAGGI DI LINGUISTICA
650 _eCodice materia Spics: 3207
942 _cBK
957 _71
999 _c65865
_d65865
999 _bSI
999 _g1